000 00486ntaaa2200193 4500
003 01
005 20251027202040.0
008 0714s1973 ag 01
040 _aAR-BaBN
_bspa
_cAR-BaBN
_eaacr
_dRIC
082 _a251.0010 D58
100 _aDillistone, F.W.
_99354
245 _aChristianity and communication
250 _a1 ed.
260 _aLondon :
_bCollins,
_c1956
300 _a156 p
500 _aLa comunicación del evangelio
650 _acomunicación
_91031
942 _cBK
999 _c15286
_d15286